000 00421nam a2200181Ia 4500
001 18407
005 20260306171628.0
008 260306s9999||||xx |||||||||||||| ||und||
041 _aESP
082 _a658.4038011
_bL29 2012
100 _aLaudon, Kenneth C.
_eAUT
245 0 _aSistemas de información gerencial
260 _c2012
300 _a
_c
650 _aGEN
654 _aCAN
942 _cLIB
_dJUS
_fJUS
_2ddc
_n
999 _c18407
_d18407